[Event "RUS-chT Rapid Men 2018"]
[Site "Sochi"]
[Date "2018.10.08"]
[Round "1"]
[White "Dubov, Daniil"]
[Black "Chekhov, Sergei"]
[Result "1-0"]
[WhiteElo "2703"]
[BlackElo "2463"]
[Annotator "TA"]
[PlyCount "79"]
[EventDate "2018.10.05"]
[EventType "swiss"]
[EventCountry "RUS"]
[SourceTitle "playchess.com"]
[Source "ChessBase"]
[SourceQuality "1"]

{[%evp 20,79,84,77,85,68,74,59,120,118,148,146,159,42,274,288,332,350,335,339,343,327,390,304,709,707,698,693,705,684,687,687,863,841,855,855,839,828,953,912,1026,1019,991,1001,948,975,1057,1033,1301,1290,1297,1250,1914,1773,1412,1666,29975,6391,29988,29989,29990,29991]} 1. Nf3 Nf6 2. g3 b6 3. Bg2 Bb7 4. O-O e6 5. c4 Be7 6. d4 O-O 7. d5 Na6 {E17: Queen's Indian: 4 g3 Bb7 5 Bg2 Be7} (7... exd5 8. Nh4 c6 9. cxd5 Nxd5 10. Nf5 Nc7 11. Nc3 d5 12. e4 Bf6 13. exd5 Nxd5 14. Nxd5 cxd5 15. Re1 Na6 16. Bf4 Bxb2 17. Rb1 Bf6 18. Nd6 Bc6 19. Bxd5 Bxd5 20. Qxd5 Qd7 21. Rbd1 Rad8 22. h4 Nc5 23. Bg5 Bxg5 24. hxg5 Qa4 25. Re7 Rd7 26. Rde1 Nb7 27. Qxf7+ {1-0 (27) Adhiban,B (2655)-Kovalenko,I (2635) chess.com INT 2018}) 8. Nd4 Nc5 9. Nc3 a5 10. e4 {[%cal Be2e4,Be4e5][%mdl 32]} e5 11. Nf5 {LiveBook: 4 Games} d6 12. f4 exf4 $146 ({Predecessor:} 12... Bc8 13. fxe5 dxe5 14. Nxe7+ Qxe7 15. Bg5 Ncd7 16. d6 Qxd6 17. Qxd6 cxd6 {1-0 (32) Romanishin,O (2547)-Ignacz,R (2079) Calvia 2007}) 13. gxf4 Bc8 (13... g6 $14 14. Nxe7+ Qxe7) 14. Nd4 $1 $16 Bb7 {[#]} 15. e5 $1 Nfd7 {[#]} 16. Nc6 (16. e6 $1 $16) 16... Qe8 $2 (16... Bxc6 $1 $14 17. dxc6 Nb8) 17. Nb5 $18 Rc8 18. exd6 cxd6 19. Re1 {[%cal Bf1e1,Be1e7,Be7a7][%mdl 32]} Bxc6 20. dxc6 Nb8 21. Nxd6 Qd8 $2 (21... Rd8) 22. Nxc8 Qxc8 23. Rxe7 Nxc6 24. Bxc6 Qxc6 25. Qd5 Qg6+ 26. Kh1 Qf6 27. Ra7 h6 28. Be3 Ne6 29. Rg1 Rd8 30. Ra8 Rxa8 31. Qxa8+ Kh7 32. Qe4+ g6 33. b3 Qh4 34. Bxb6 Ng5 35. Qe3 Nh3 36. Rf1 Qg4 37. Bxa5 h5 38. Rf3 h4 39. Rxh3 Qd1+ 40. Be1 {Precision: White = 57%, Black = 23%.} 1-0

[Event "RUS-chT Rapid Men 2018"]
[Site "Sochi"]
[Date "2018.10.08"]
[Round "1"]
[White "Kamsky, Gata"]
[Black "Shkurkin, Andrey"]
[Result "1-0"]
[WhiteElo "2666"]
[BlackElo "2201"]
[Annotator "TA"]
[PlyCount "67"]
[EventDate "2018.10.05"]
[EventType "swiss"]
[EventCountry "RUS"]
[SourceTitle "playchess.com"]
[Source "ChessBase"]
[SourceQuality "1"]

{[%evp 9,67,-9,4,-40,-33,-38,-37,-41,-45,-33,-17,-31,-38,-63,-39,-33,-22,-29,-29,-47,-49,-40,-37,-52,-13,-35,-35,-47,-38,-33,-9,-15,0,0,0,12,106,103,184,182,185,170,224,209,321,323,361,298,303,222,361,366,476,452,918,991,979,918,29997,29998]} 1. e4 c5 2. Nc3 Nc6 3. Bb5 Nd4 4. Bc4 e6 5. d3 (5. Nge2 Ne7 6. Nxd4 cxd4 7. Ne2 Nc6 8. O-O a6 9. d3 d5 10. exd5 exd5 11. Bb3 Bd6 12. Nf4 Bxf4 13. Bxf4 O-O 14. Qf3 Be6 15. Rfe1 {1-0 (58) Cornette,M (2611)-Lenic,L (2662) chess.com INT 2018}) 5... Nf6 {LiveBook: 4 Games} 6. e5 {B23: Closed Sicilian: Lines without g3} d5 7. exd6 Bxd6 8. Nge2 {Black is slightly better.} O-O 9. O-O $146 ({Predecessor:} 9. Nxd4 cxd4 10. Ne2 b5 11. Bb3 Bb7 12. O-O Bc7 13. Bf4 e5 {½-½ (51) Skytte,R (2323)-Ward,C (2508) Copenhagen 2000}) 9... a6 {[%cal Ba7a6,Ba6b5][%mdl 32]} 10. a4 Qc7 11. h3 Bd7 12. Nxd4 cxd4 13. Ne2 b5 14. axb5 axb5 15. Rxa8 Rxa8 16. Bb3 Qb6 17. Bg5 {[%cal Bc1g5,Bg5h4,Bh4g3,Bg3e5][%mdl 32]} Bc6 18. Qd2 Nd5 19. Bh4 e5 20. Bg3 Qc7 21. Re1 Kh8 22. c3 {[%cal Bc2c3,Bc3d4,Bd4d5,Bd5d6][%mdl 32]} h6 (22... dxc3 $11 {keeps the balance.} 23. Nxc3 Qb7) 23. cxd4 $16 Bb4 (23... exd4 $16 24. Bxd6 (24. Nxd4 Bxg3 25. fxg3 Qb6 $16) 24... Qxd6) 24. Nc3 $18 Qa5 {[%cal Rd5c3]} 25. Bxe5 $40 {[%mdl 128] [#] Threatening mate with Qxh6+. Black is in trouble.} Kg8 {[%cal Rb4c3]} 26. Rc1 {Strongly threatening Qe2.} ({Much less strong is} 26. Bxd5 Bxd5 27. Rc1 f6) 26... Nxc3 (26... Qd8 $142 27. Qd1 Bxc3) 27. bxc3 Be7 28. d5 Bd7 29. Re1 Bg5 (29... Qa3 {was worth a try.}) 30. Qd1 Bf5 31. d6 Rd8 {[#]} (31... Rf8 $142 32. Qf3 Bd7) 32. h4 $1 Bxh4 33. Qh5 Bg6 34. Qxg6 {Precision: White = 74%, Black = 28%.} 1-0

[Event "RUS-chT Rapid Men 2018"]
[Site "Sochi"]
[Date "2018.10.08"]
[Round "1"]
[White "Malakhov, Vladimir"]
[Black "Alexeev, Alexey"]
[Result "1-0"]
[WhiteElo "2661"]
[BlackElo "2287"]
[Annotator "TA"]
[PlyCount "73"]
[EventDate "2018.10.05"]
[EventType "swiss"]
[EventCountry "RUS"]
[SourceTitle "playchess.com"]
[Source "ChessBase"]
[SourceQuality "1"]

{[%evp 24,73,52,27,86,89,74,89,101,55,55,55,55,53,62,53,54,56,54,72,70,83,105,70,443,439,611,577,554,366,398,399,520,522,512,507,512,510,504,500,473,411,431,419,582,562,638,636,956,948,29994,29995]} 1. Nf3 Nf6 2. c4 c5 3. Nc3 e6 4. e3 d5 5. cxd5 exd5 6. d4 cxd4 7. Nxd4 Nc6 8. Bb5 Bd7 9. O-O Bd6 {D32: Tarrasch Defence: Sidelines and lines without g3} 10. b3 O-O 11. Bb2 a6 12. Be2 Be6 13. Rc1 {LiveBook: 9 Games} Bc7 $146 (13... Rc8 $11 {remains equal.}) ({Predecessor:} 13... Rc8 14. Na4 Nxd4 15. Qxd4 Qe7 16. Bf3 Ba3 17. Rxc8 Rxc8 {1-0 (55) Howell,D (2685)-Gordon,S (2498) England 2016}) 14. Nxc6 $16 bxc6 15. Na4 Qd6 {[%csl Gc7][%cal Rd6h2] [#]} 16. g3 (16. f4 {is interesting.} Bc8 17. Qc2 Qe7 18. Rf3 Bd7 19. Rg3) 16... Bh3 17. Re1 Ba5 18. Bc3 Bxc3 19. Rxc3 Ne4 {And now ...Qf6 would win.} 20. Rc2 Bf5 21. Bd3 Bg6 22. Qe2 a5 23. Rec1 Rfc8 $2 {[%mdl 8192]} (23... Rac8 $14) 24. Nb6 $1 $18 {[%csl LRa8,LRc8]} Rab8 25. Nxc8 Rxc8 26. f3 Nxg3 27. hxg3 Bxd3 28. Qxd3 Qxg3+ 29. Rg2 Qxf3 30. Qd4 {[%csl Gg2][%cal Rd4g7]} g6 31. Qf4 Qh3 32. Rh2 Qd7 33. Qf6 Qe8 34. Kf2 {Threatening mate with Rxh7!} Qe4 35. Rh4 Qd3 {[#] aiming for ...Qd2+.} 36. Rxh7 $1 {[%csl Gh7][%cal Rf6f7][%mdl 512]} Qd2+ (36... Kxh7 37. Rh1+) 37. Kf3 {Precision: White = 83%, Black = 34%.} 1-0

[Event "RUS-chT Rapid Men 2018"]
[Site "Sochi"]
[Date "2018.10.08"]
[Round "1"]
[White "Zvjaginsev, Vadim"]
[Black "Linker, Mikhail"]
[Result "1-0"]
[WhiteElo "2644"]
[BlackElo "2269"]
[Annotator "TA"]
[PlyCount "45"]
[EventDate "2018.10.05"]
[EventType "swiss"]
[EventCountry "RUS"]
[SourceTitle "playchess.com"]
[Source "ChessBase"]
[SourceQuality "1"]

{[%evp 9,45,10,10,10,10,6,24,27,71,53,81,81,90,104,124,114,176,192,192,193,186,160,172,183,273,140,176,169,206,198,335,325,558,556,545,517,529,524]} 1. g3 g6 2. Bg2 Bg7 3. e4 d6 4. Ne2 e5 5. d3 (5. O-O Ne7 6. c3 O-O 7. d4 Nd7 8. Na3 f5 9. Bg5 fxe4 10. Bxe4 Nf6 11. Bg2 h6 12. Bxf6 Bxf6 13. dxe5 Bxe5 {½-½ (31) Peng,H (2312)-Wen,Y (2585) China 2018}) 5... Ne7 6. O-O {A00: Unregelmäßige Eröffnungen} O-O 7. f4 exf4 8. Nxf4 $146 {Weiß hat minimalen Vorteil.} ({Vorgänger:} 8. Bxf4 c5 9. Nd2 Bxb2 10. Rb1 Be5 11. Be3 Nbc6 12. Nc4 Bg4 13. Nxe5 dxe5 {1-0 (31) Tran Le Tu,U-Nguyen Hai Phuong,U Vung Tau 2005}) 8... Nbc6 9. c3 f5 10. Nd2 {[%cal Bb1d2,Bd2e4,Be4g5][%mdl 32]} Kh8 11. d4 fxe4 12. Nxe4 d5 (12... Bf5 $16) 13. Ng5 $18 Qd6 {[#]} 14. Nxd5 $1 {[%mdl 512]} Nxd5 ({Jedoch nicht} 14... Rxf1+ $2 15. Qxf1 Be6 16. Nxe6 $18) 15. Rxf8+ Qxf8 16. Bxd5 Nd8 (16... h6 $142) 17. Qf3 (17. Qe2 $18) 17... Qxf3 18. Bxf3 c6 19. Bd2 h6 (19... Bf6 $142 20. Re1 Kg7) 20. Re1 {[#] Schwarz muss nun Te8+ beachten.} ({Viel schwächer ist} 20. Ne4 Kg8 $18) 20... hxg5 $2 (20... Bf6 {war angesagt.}) 21. Re8+ {Weiß steht klar auf Gewinn.} Kh7 {Droht stark ...Lf6.} 22. Rxd8 Bf6 23. Re8 {Precision: Weiß = 72%, Schwarz = 32%.} 1-0

[Event "RUS-chT Rapid Men 2018"]
[Site "Sochi"]
[Date "2018.10.08"]
[Round "1"]
[White "Alekseenko, Kirill"]
[Black "Basiev, Valeriy P."]
[Result "1-0"]
[WhiteElo "2639"]
[BlackElo "1990"]
[Annotator "TA"]
[PlyCount "71"]
[EventDate "2018.10.05"]
[EventType "swiss"]
[EventCountry "RUS"]
[SourceTitle "playchess.com"]
[Source "ChessBase"]
[SourceQuality "1"]

{[%evp 23,71,-39,45,34,45,45,61,61,138,136,351,343,358,352,314,207,309,191,410,228,235,239,236,227,257,252,253,250,248,241,247,257,269,280,264,277,253,231,231,231,228,212,222,198,288,262,265,254,349,338]} 1. e4 d5 2. exd5 Qxd5 3. Nc3 Qa5 4. d4 Nf6 5. Nf3 Bf5 6. Bc4 e6 7. Bd2 c6 8. Qe2 Bb4 9. a3 Nbd7 10. O-O-O Bxc3 11. Bxc3 Qc7 12. Kb1 O-O-O (12... O-O $15) 13. Rhe1 {B01: Scandinavian Defence} (13. Bd2 h6 14. Bb3 Kb8 15. Ka2 Ka8 16. Rhe1 c5 17. Be3 Rc8 18. dxc5 Nxc5 19. Nd4 Nxb3 20. cxb3 Qe5 {½-½ (43) Krstic,U (2395)-Savic,M (2529) Bihac 2010}) 13... Nd5 14. Bd2 Nf4 $146 ({Predecessor:} 14... Kb8 15. g3 Ka8 16. Bd3 Bg6 17. Bxg6 hxg6 18. c4 N5f6 19. Bf4 Qa5 20. h4 Qf5+ {1-0 (44) Leenaerts,R (2164)-Van der Stricht,J (1984) Brasschaat 2007}) 15. Qf1 {White is slightly better.} Bg4 ({Better is} 15... Nd5 $14) 16. Re4 $16 g5 $2 {[#]} (16... Bxf3 $16 17. Bxf4 (17. gxf3 Ng6 $11) 17... e5 18. gxf3 exf4) 17. Nxg5 $18 Bxd1 18. Bxf4 ({Less strong is} 18. Qxd1 Nd5 $16) 18... e5 19. Nxf7 exf4 (19... Bxc2+ $142 20. Kxc2 exf4) 20. Nxd8 (20. Nxh8 Bh5 $16) 20... Nf6 $2 {[#]} (20... Bxc2+ {might work better.} 21. Kxc2 Rxd8) 21. Re6 ({Weaker is} 21. Qxd1 Nxe4 22. Nf7 Re8 $14) (21. Nxc6 $142 {Hoping for Be6+.} bxc6 22. Re6) 21... Bxc2+ 22. Kxc2 Qxd8 23. Qd3 Nd5 24. Qf5 Qd7 25. Bxd5 cxd5 26. Re5 Qxf5+ 27. Rxf5 {[%mdl 4096] Endgame KR-KR} Rg8 28. g3 ({Not} 28. Rxd5 Rxg2 29. Rh5 Rxf2+ 30. Kc3 Kc7 $16) 28... fxg3 29. hxg3 Rd8 30. Rf7 h6 31. Rf6 Rh8 32. Kd2 Kd7 33. Rf5 Ke6 (33... h5 $142 34. Rxd5+ Kc6 35. Rc5+ Kd6) 34. Re5+ {White has a decisive advantage.} Kd6 35. Rh5 a6 36. g4 {Precision: White = 77%, Black = 30%.} 1-0

[Event "RUS-chT Rapid Men 2018"]
[Site "Sochi"]
[Date "2018.10.08"]
[Round "1"]
[White "Rakhmanov, Aleksandr"]
[Black "Garifullina, Leya"]
[Result "1/2-1/2"]
[WhiteElo "2634"]
[BlackElo "2106"]
[Annotator "TA RC"]
[PlyCount "77"]
[EventDate "2018.10.05"]
[EventType "swiss"]
[EventCountry "RUS"]
[SourceTitle "playchess.com"]
[Source "ChessBase"]
[SourceQuality "1"]

{[%evp 17,77,15,13,-8,0,-20,-8,-32,-39,-45,-34,-44,-52,-40,-45,-31,-25,-33,-39,-35,-43,-43,-29,-25,-24,-31,0,0,0,0,0,0,10,0,0,0,15,0,0,0,0,0,0,0,0,0,0,0,0,-1,-2,-5,-5,-5,-6,-9,-14,-18,-20,-18,-8,-12]} 1. d4 Nf6 2. c4 e6 3. Nc3 Bb4 4. e3 c5 5. Bd3 d5 6. Nge2 O-O 7. cxd5 cxd4 8. exd4 Nxd5 9. a3 {E48: Nimzo-Indian: Rubinstein: 5 Bd3 d5 including 6 Ne2, but excluding 6 a3} Bd6 {LiveBook: 9 Games} 10. Qc2 h6 11. Be4 $146 ({Predecessor:} 11. O-O Nc6 12. Rd1 Nxc3 13. Nxc3 Ne7 14. Qe2 Re8 15. Qe4 Ng6 16. Be3 a6 {½-½ (32) So,W (2810)-Anand,V (2783) Leon 2017}) 11... Nf6 12. Bf3 Nc6 {[%cal Bb8c6,Bc6e7,Be7f5][%mdl 32]} 13. Be3 Ne7 14. Qd2 Nf5 15. Bf4 Bxf4 16. Qxf4 Qd6 (16... Bd7 {with more complications.} 17. O-O Re8 18. Rfd1 Qb6 19. Rab1 Rad8) 17. Qxd6 Nxd6 18. Nf4 Rb8 19. O-O b6 20. Rfe1 Bb7 21. d5 Nxd5 (21... g5 $5 {[%cal Rg5f4]} 22. Nh5 Nxh5 23. Bxh5 Bxd5 $11) 22. Nfxd5 {The position is equal.} exd5 23. Bxd5 Bxd5 24. Nxd5 Nf5 25. Re5 g6 26. Rd1 Kg7 27. Nc3 Rfd8 28. Red5 Rxd5 29. Rxd5 $11 {[%mdl 4096] Endgame KRN-KRN} Rb7 30. Kf1 h5 31. Ke2 Kf6 32. Rd8 Ke7 33. Ra8 (33. Rd3 {seems wilder.} Nd6 34. a4 Ke6 35. Re3+ Kf5 36. Rf3+) 33... Nd6 34. Kd3 Rd7 35. Kc2 Ke6 36. a4 Ke5 37. Kb3 Kd4 38. Kc2 Kc5 39. Kb3 {Precision: White = 58%, Black = 74%.} 1/2-1/2

[Event "RUS-chT Rapid Men 2018"]
[Site "Sochi"]
[Date "2018.10.08"]
[Round "1"]
[White "Oparin, Grigoriy"]
[Black "Ponkratov, Pavel"]
[Result "1/2-1/2"]
[WhiteElo "2624"]
[BlackElo "2628"]
[Annotator "TA"]
[PlyCount "159"]
[EventDate "2018.10.05"]
[EventType "swiss"]
[EventCountry "RUS"]
[SourceTitle "playchess.com"]
[Source "ChessBase"]
[SourceQuality "1"]

{[%evp 17,159,0,0,0,14,16,35,25,27,17,12,18,28,20,34,0,0,0,-10,-35,-35,-35,-35,-35,-35,-39,-46,-46,0,-49,-56,-73,-73,-73,-8,-69,-64,-82,-54,-74,-89,-81,-83,-115,0,-106,-42,-52,0,-22,0,0,0,0,0,-8,-8,-237,-193,-224,-218,-277,-117,-139,-1,-196,-196,-225,8,8,8,8,16,16,16,16,16,16,16,16,16,15,16,15,51,17,37,30,52,52,52,52,52,52,52,52,52,0,53,52,52,52,52,52,52,52,52,52,53,52,52,52,52,52,52,26,52,47,51,20,52,37,37,37,53,32,20,20,29,22,37,12,24,14,18,8,37,37,37,0,0,0,24,24]} 1. Nf3 c5 2. c4 Nc6 3. d4 cxd4 4. Nxd4 Nf6 5. Nc3 e6 6. e4 Bb4 7. Nxc6 bxc6 8. Bd3 e5 9. O-O O-O 10. Qe2 {B44: Sicilian: Taimanov: 5 Nb5} Qe7 $146 ({Predecessor:} 10... d6 11. Na4 d5 12. a3 Bd6 13. Bg5 h6 14. Bxf6 Qxf6 15. cxd5 cxd5 16. exd5 Qf4 17. Bb5 Bg4 {½-½ (60) Karjakin,S (2782)-Vachier Lagrave,M (2789) Paris 2018}) 11. Na4 d6 12. h3 {White is slightly better.} Ba5 13. Rd1 Rd8 14. a3 Bc7 15. b4 d5 16. Bg5 {Hoping for cxd5.} d4 17. c5 h6 18. Bxf6 Qxf6 19. Nb2 a5 20. Bc4 Qg6 21. Qf3 Rf8 22. Nd3 Kh8 23. Re1 (23. b5 {looks sharper.} cxb5 24. Bxb5 f5 25. Re1 Rb8 26. a4) 23... Bd7 24. Qg3 Qxg3 25. fxg3 h5 (25... f6 $17) 26. Nf2 (26. a4 $11) 26... g6 27. Rab1 Rab8 28. Rb3 axb4 29. axb4 Ra8 $1 30. Rc1 Bd8 (30... Kg7 $17 31. b5 cxb5) 31. h4 (31. Nd3 $1 $11 {keeps the balance.}) 31... f5 (31... Bc7 $17 32. b5 cxb5) 32. b5 $15 Be7 33. Nd3 Bf6 34. bxc6 Bxc6 35. Bd5 Rac8 36. Rb6 fxe4 37. Nb4 $2 (37. Rxc6 $11 {and White stays safe.} exd3 38. Rxc8 Rxc8 39. c6) 37... Bxd5 $19 38. Nxd5 Bd8 $1 {[%cal Rd8b6]} 39. Re6 {[#]} e3 (39... d3 $1 $19 {[%cal Rd3d2] has better winning chances.} 40. Rc4 Ba5) 40. Rxe5 $17 {[#]} Kg7 (40... Ba5 $1 $17 {aiming for ...Rce8.} 41. Ne7 Rce8) 41. Re4 $2 (41. c6 $11) 41... Ba5 $19 42. Nf4 Bd2 $2 (42... Rce8 $19 43. Ne6+ Kg8) 43. Rc4 $11 Rfe8 $132 {[%mdl 2048] Black is fighting back} 44. Rcxd4 {Black must now prevent Rxe8.} e2 45. Rd7+ ({Much weaker is} 45. Nxe2 Be3+ 46. Rxe3 Rxe3 $15) 45... Kh6 46. Rxe2 Rxe2 47. Nxe2 {[%mdl 4096] Endgame KRB-KRN} Be3+ 48. Kh2 Rxc5 49. Re7 Bd2 50. Re6 Rd5 51. Kh3 Kg7 52. g4 Kf7 53. Re4 hxg4+ 54. Kxg4 Bh6 55. g3 Rd6 56. Ra4 Be3 57. Re4 (57. Nc3 $14) 57... Re6 (57... Bh6 $1 $11) 58. Rc4 Bd2 59. Ng1 Kf6 60. Nf3 Bh6 61. Kh3 Be3 62. Ra4 Bh6 63. Nd4 Rd6 64. Nb5 Rc6 65. Re4 Bc1 66. Kg4 Bh6 67. Kf3 Bc1 68. Nd4 Rd6 69. g4 Ra6 70. Re1 Bh6 71. Ke4 {And now g5+ would win.} Kf7 72. Rf1+ Ke7 73. Rb1 Bd2 74. Rb2 Bc3 75. Rb7+ Kf8 76. Rb8+ Kf7 77. Nf3 Ra4+ 78. Kd5 Rxg4 79. Ng5+ Rxg5+ 80. hxg5 {Precision: White = 47%, Black = 43%.} 1/2-1/2

[Event "RUS-chT Rapid Men 2018"]
[Site "Sochi"]
[Date "2018.10.08"]
[Round "1"]
[White "Romanov, Evgeny"]
[Black "Tenikashvili, Georgij"]
[Result "1-0"]
[WhiteElo "2614"]
[BlackElo "2361"]
[Annotator "TA"]
[PlyCount "87"]
[EventDate "2018.10.05"]
[EventType "swiss"]
[EventCountry "RUS"]
[SourceTitle "playchess.com"]
[Source "ChessBase"]
[SourceQuality "1"]

{[%evp 12,87,37,17,40,28,51,48,72,64,100,91,79,54,39,8,35,12,54,29,43,47,86,46,64,64,80,22,19,21,16,13,31,7,52,23,257,252,563,561,562,563,564,563,555,555,555,547,530,518,638,659,697,668,665,625,811,727,929,916,1005,890,847,826,976,910,918,883,1239,1162,1959,2001,1354,852,1353,1281,1232,1225]} 1. e4 c6 2. d4 d5 3. e5 Bf5 4. Nf3 e6 5. Be2 Nd7 6. O-O h6 7. Nbd2 Ne7 {B12: Caro-Kann: Advance Variation} 8. c3 Rc8 (8... c5 9. dxc5 Nxc5 10. Nd4 Nd7 11. Nxf5 Nxf5 12. Bd3 Ne7 13. Nf3 Nc6 14. Re1 Qc7 15. Qe2 g5 {0-1 (50) Karjakin,S (2773)-Mamedyarov,S (2801) Saint Louis 2018}) 9. b4 Ng6 {White is slightly better.} 10. Nb3 Be7 11. a4 $146 {[%cal Ba2a4,Ba4a5][%mdl 32]} ({Predecessor:} 11. Be3 Bg5 12. Nxg5 hxg5 13. g4 Be4 14. f3 Nf4 15. fxe4 {1-0 (23) Almer,G (2114)-Krispel,F (1716) Leitersdorf 2014}) 11... O-O 12. a5 (12. Ne1 $5 {[%cal Rg2g4]}) 12... f6 13. exf6 Bxf6 14. Be3 Re8 15. Bd3 Bxd3 16. Qxd3 Kf7 17. Rfe1 a6 18. h3 e5 {[#] ...e4 is the strong threat.} 19. dxe5 (19. Qf5 $16) 19... Ndxe5 $11 20. Nxe5+ Nxe5 21. Qf5 $36 {[%mdl 2048] And now Nc5 would win. White has good play.} Qd7 22. Qh5+ Kg8 23. Nc5 Qc7 $2 {[#]} (23... Qf7 $11 {and Black has nothing to worry.} 24. Qxf7+ Nxf7) 24. Bd4 $1 $18 Rb8 $2 (24... Kh7 {is tougher.} 25. Qf5+ Kg8) 25. f4 {White is clearly winning.} Qf7 26. Rxe5 Bxe5 27. Qxf7+ Kxf7 28. Bxe5 Ra8 29. Nxb7 Re7 30. Nc5 g5 31. Rf1 gxf4 32. Rxf4+ Kg8 33. Bd4 Kh7 34. Rf6 Re2 35. Rxc6 Rg8 36. Rc7+ Kg6 37. Nd3 Rd2 38. Nf2 h5 39. Rc6+ Kh7 40. Rxa6 h4 41. Ra7+ Kg6 42. Rd7 Re8 43. a6 Re1+ 44. Kh2 {Precision: White = 71%, Black = 23%.} 1-0

[Event "RUS-chT Rapid Men 2018"]
[Site "Sochi"]
[Date "2018.10.08"]
[Round "1"]
[White "Potkin, Vladimir"]
[Black "Kozak, Alexander"]
[Result "1-0"]
[WhiteElo "2597"]
[BlackElo "2262"]
[Annotator "ChessBase"]
[PlyCount "59"]
[EventDate "2018.10.05"]
[EventType "swiss"]
[EventCountry "RUS"]
[SourceTitle "playchess.com"]
[Source "ChessBase"]
[SourceQuality "1"]
[TimeControl "900+10"]

1. c4 {[%emt 0:00:00]} e5 {[%emt 0:00:00]} 2. Nc3 {[%emt 0:00:00]} Nc6 {[%emt 0:00:57]} 3. Nf3 {[%emt 0:00:00]} g6 {[%emt 0:00:07]} 4. d4 {[%emt 0:00:30]} exd4 {[%emt 0:00:11]} 5. Nxd4 {[%emt 0:00:03]} Bg7 {[%emt 0:00:02]} 6. Nxc6 {[%emt 0:00:09]} bxc6 {[%emt 0:00:02]} 7. g3 {[%emt 0:00:08]} Ne7 {[%emt 0:00:40]} 8. Bg2 {[%emt 0:00:02]} O-O {[%emt 0:00:02]} 9. O-O {[%emt 0:00:02]} d6 {[%emt 0:00:53]} 10. Qc2 {[%emt 0:00:06]} Be6 {[%emt 0:00:41]} 11. b3 {[%emt 0:00:04]} Qd7 {[%emt 0:00:03]} 12. Bb2 {[%emt 0:00:09]} Bh3 {[%emt 0:00:11]} 13. Ne4 {[%emt 0:00:39]} Bxg2 {[%emt 0:00:09]} 14. Kxg2 {[%emt 0:00:03]} Qe6 {[%emt 0:02:17]} 15. Bxg7 {[%emt 0:00:08]} Kxg7 {[%emt 0:00:01]} 16. Qc3+ {[%emt 0:01:45]} f6 {[%emt 0:00:22]} 17. Ng5 {[%emt 0:00:18]} Qf5 {[%emt 0:00:10]} 18. f4 {[%emt 0:00:36]} Kg8 {[%emt 0:02:53]} 19. e4 {[%emt 0:00:06]} Qd7 {[%emt 0:00:05]} 20. Nf3 {[%emt 0:00:05]} c5 {[%emt 0:00:02]} 21. Rae1 {[%emt 0:01:03]} Rae8 {[%emt 0:00:17]} 22. e5 {[%emt 0:02:58]} fxe5 {[%emt 0:00:32]} 23. fxe5 {[%emt 0:00:01]} Nf5 {[%emt 0:00:54]} 24. Qd3 {[%emt 0:00:16]} Qc6 {[%emt 0:02:12]} 25. Qe4 {[%emt 0:01:21]} Qxe4 {[%emt 0:00:30]} 26. Rxe4 {[%emt 0:00:01]} Re7 {[%emt 0:00:18]} 27. Rfe1 {[%emt 0:00:20]} Rfe8 {[%emt 0:00:03]} 28. g4 {[%emt 0:02:01]} Nd4 {[%emt 0:00:20]} 29. Nxd4 {[%emt 0:00:11]} cxd4 {[%emt 0:00:01]} 30. exd6 {[%emt 0:00:40]} 1-0

[Event "RUS-chT Rapid Men 2018"]
[Site "Sochi"]
[Date "2018.10.08"]
[Round "1"]
[White "Kryakvin, Dmitry"]
[Black "Babayan, Arman S."]
[Result "1-0"]
[WhiteElo "2595"]
[BlackElo "1673"]
[Annotator "ChessBase"]
[PlyCount "71"]
[EventDate "2018.10.05"]
[EventType "swiss"]
[EventCountry "RUS"]
[SourceTitle "playchess.com"]
[Source "ChessBase"]
[SourceQuality "1"]
[TimeControl "900+10"]

1. d4 {[%emt 0:00:00]} d5 {[%emt 0:02:10]} 2. c4 {[%emt 0:00:00]} e6 {[%emt 0:00:05]} 3. Nf3 {[%emt 0:00:00]} Nf6 {[%emt 0:00:04]} 4. Nc3 {[%emt 0:00:04]} Be7 {[%emt 0:00:28]} 5. Bg5 {[%emt 0:00:05]} O-O {[%emt 0:00:52]} 6. e3 {[%emt 0:00:02]} b6 {[%emt 0:00:53]} 7. Rc1 {[%emt 0:00:12]} Bb7 {[%emt 0:01:48]} 8. Bxf6 {[%emt 0:00:06]} Bxf6 {[%emt 0:00:16]} 9. cxd5 {[%emt 0:00:03]} exd5 {[%emt 0:00:20]} 10. Bd3 {[%emt 0:00:03]} c6 {[%emt 0:04:03]} 11. O-O {[%emt 0:00:10]} Nd7 {[%emt 0:00:35]} 12. b4 {[%emt 0:00:06]} Rc8 {[%emt 0:00:36]} 13. Qb3 {[%emt 0:00:06]} Be7 {[%emt 0:02:41]} 14. b5 {[%emt 0:00:26]} Nf6 {[%emt 0:00:01]} 15. bxc6 {[%emt 0:00:10]} Rxc6 {[%emt 0:01:31]} 16. Ne5 {[%emt 0:00:08]} Rc8 {[%emt 0:00:01]} 17. Bf5 {[%emt 0:01:27]} Ra8 {[%emt 0:00:41]} 18. Rc2 {[%emt 0:00:39]} g6 {[%emt 0:00:18]} 19. Bh3 {[%emt 0:00:17]} Bd6 {[%emt 0:00:26]} 20. Rfc1 {[%emt 0:00:07]} Re8 {[%emt 0:00:08]} 21. f4 {[%emt 0:00:14]} Bxe5 {[%emt 0:00:18]} 22. dxe5 {[%emt 0:01:25]} Ne4 {[%emt 0:00:09]} 23. Nxe4 {[%emt 0:00:35]} dxe4 {[%emt 0:00:02]} 24. Rc7 {[%emt 0:00:04]} Bd5 {[%emt 0:00:11]} 25. Qa4 {[%emt 0:00:13]} Be6 {[%emt 0:00:19]} 26. Bxe6 {[%emt 0:00:08]} Rxe6 {[%emt 0:00:09]} 27. Qxe4 {[%emt 0:00:11]} Re8 {[%emt 0:00:08]} 28. h3 {[%emt 0:00:23]} Qd2 {[%emt 0:00:08]} 29. R7c2 {[%emt 0:01:18]} Qd7 {[%emt 0:00:03]} 30. Qc6 {[%emt 0:00:33]} Qd3 {[%emt 0:00:11]} 31. Rc3 {[%emt 0:00:15]} Qd2 {[%emt 0:00:06]} 32. R1c2 {[%emt 0:00:09]} Qd1+ {[%emt 0:00:19]} 33. Kh2 {[%emt 0:00:01]} Rad8 {[%emt 0:00:07]} 34. Qb7 {[%emt 0:00:20]} h5 {[%emt 0:00:18]} 35. Rc7 {[%emt 0:00:14]} Rf8 {[%emt 0:00:06]} 36. e6 {[%emt 0:00:07]} 1-0